| 000 | 01382nam a22002537a 4500 | ||
|---|---|---|---|
| 005 | 20240412113941.0 | ||
| 010 | _aHIN-127332-127336 | ||
| 020 |
_a9789393758330 _c475.00 |
||
| 020 |
_a9789393758330 _c475.00 |
||
| 020 |
_a9789393758330 _c475.00 |
||
| 020 |
_a9789393758330 _c475.00 |
||
| 020 |
_a9789393758330 _c475.00 |
||
| 035 | _aHN-99678-99682 | ||
| 037 | _bDBAD/PUB. | ||
| 082 | _a305.5 | ||
| 100 |
_aअरविन्द मोहन _964652 |
||
| 245 |
_aगाँधी कथा/ _cअरविन्द मोहन |
||
| 250 | _a1 | ||
| 260 |
_aउत्तर प्रदेश _bसेतु प्रकाशन _c2022 |
||
| 270 |
_aसी-21 सेक्टर-65 नॉएडा _bउत्तर प्रदेश _e 201301 |
||
| 300 |
_aपांच भाग(170;182;170;172;174) पृष्ट; _c21 सेमी (सजिल्द) |
||
| 500 | _aभाग 1- गाँधी कथा;यू ही नहीं समझदार भाग 2 - गाँधी कथा;गोरख से हारे मछेन्दर . भाग 3 -गाँधी कथा;अंग्रजो को नमक ने मारा भाग 4 -गाँधी कथा;गाँधी ही गाँधी भाग 5 -गाँधी का शम्भुमेला | ||
| 942 |
_adpl _cHN _2ddc _h305.5 _mअरवि |
||
| 999 |
_c202124 _d202124 |
||